000 00445nam a2200157 4500
001 109993
003 ES-MaACL
005 20230906184945.0
007 t|
008 061121s1970 sp r ||||1| spa d
100 1 _aMoisés Gómez, Gaspar.
_981815
245 1 0 _aSinfonías concretas /
_cGaspar Moisés Gómez.
260 _aLeón :
_b[s. n.],
_c1970 (
_fImp. Provincial)
300 _a104 p. ;
_c20 cm.
852 _aES-MaACL
_jC-39874
_bR.75918
999 _c109993
_d109993